00451 a2200145 4500020001500000020001800015082001000033100001400043245006300057260006800120300002100188490003900209700001800248830003900266 a0852968965 a9780852968963 a539.21 aRozzi, T.10aOpen electromagnetic waveguides /cT. Rozzi, M. Mongiardo. a[S.l.] :bThe Institution of Engineering and Technology,c1997. a387 p. ;c24 cm.1 aIeee electromagnetic waves series.1 aMongiardo, M. 0aIeee electromagnetic waves series.